| 000 | 00664nam a2200205 a 4500 | ||
|---|---|---|---|
| 001 | 0735 | ||
| 005 | 20140414132143.0 | ||
| 008 | 040927s19uu xx 00 eng d | ||
| 020 | _a978-0-439-04585-1 | ||
| 050 |
_aKIT (LCER) 720.48 _bC16 1999 |
||
| 100 | _aCanizares, Susan | ||
| 245 |
_aBuilding shapes / _cSusan Canizares, Samantha Berger. |
||
| 260 |
_aNew York : _bScholastic, _c1999. |
||
| 300 | _a1 v. (unp.) : ill. ; cm. | ||
| 440 | _aLearning center emergent readers | ||
| 520 | _aIllustrations and simple text present some kinds of building structures. | ||
| 650 |
_aBuilding shapes _xjuvenile literature. |
||
| 999 |
_c115388 _d115388 |
||